| 000 | 00438pab a2200169 454500 | ||
|---|---|---|---|
| 008 | 180718b2014 xxu||||| |||| 00| 0 eng d | ||
| 100 | _aGoel, Nagendra | ||
| 245 | _aWhy the Maharashtra Housing Act, 2012 should be repealed | ||
| 260 | _c2014 | ||
| 300 | _ap.18-20. | ||
| 362 | _a7 Jun | ||
| 650 | _aHousing - India - Maharashtra | ||
| 650 | _aHousing | ||
| 773 | _aEconomic and Political Weekly | ||
| 908 | _aN | ||
| 909 | _a104405 | ||
| 999 |
_c104401 _d104401 |
||